000 00437nam a2200157 i 4500
001 bg
245 0 _aEfektywność a osobowość :
_bpraca zbiorowa /
_cpod red. K. Obuchowskiego, W. J. Paluchowskiego.
260 _aWrocław,
_c1982.
700 1 _aKazimierz,.
_eRed.
700 1 _aPaluchowski, Władysław J.
_eRed.
040 _cBPK
041 _apol
080 _a159.923
942 _cKS
008 s pl f |000 0 pol
999 _c21202
_d21202
856 _uhttp://koha.tu.koszalin.pl/cgi-bin/koha/opac-detail.pl?biblionumber=21202
_yKatalog online BPK